01108nam 2200169 45000010005000000900009000051000041000141010008000552000106000632100056001693300516002256060029007416070016007707100039007868010020008259950093008455644 a5644 a20190729k u||y0frey50 ba afre aBulletin de liaison des Comités de Luttes Lycéennes (CLL)bBrochurefCentre de luttes lycéennes aParis, FrancecCentre de luttes lycéennesd[1971] a« Ce bulletin du Centre de luttes lycéennes fait le point sur le mouvement d'ensemble qui a touché les lycées de Paris et de province ces derniers mois. Il fait suite au stage national qui a regroupé pendant les vacances de Pâques des camarades lycéens des villes suivantes: Toulouse, Lyon, Boulogne sur mer, Limoges, Caen, Thionville, Lille, Auxerre, Besançon, Brest, Blois, Rennes, Elbeuf, Le Havre, ainsi que des camarades des lycées de la région parisienne. » (Extrait de l'introduction) 9559aLuttes étudiantes 9521aFrance 96355aCentre de luttes lycéennes aCHbCH-002049-8 10203052025-10-3096507bARCHICcARCHICeBrochuresf7404hLucile HanouzkBroch 2439o1